[Event "26. ekipno prvenstvo hrvatske u sahu - I"]
[Site "Bjelovar, Krapina, Djurdjevac,"]
[Date "2017.03.26"]
[Round "1.52"]
[White "Dugandzic, Boris"]
[Black "Lasic, Luka"]
[Result "1-0"]
[WhiteElo "2258"]
[BlackElo "2151"]
[PlyCount "49"]
[EventDate "2016.03.26"]

1. d4 Nf6 2. c4 d6 3. Nf3 Bg4 4. Nbd2 c5 5. d5 e5 6. e4 Be7 7. h3 Bh5 8. Bd3
O-O 9. g4 Bg6 10. Qe2 Ne8 11. Nf1 a6 12. Ng3 Bh4 13. Nf5 Bxf5 14. exf5 h6 15.
Bd2 Nd7 16. O-O-O Nc7 17. Rdg1 Bg5 18. Nxg5 hxg5 19. h4 b5 20. hxg5 bxc4 21. f6
Re8 22. Qe4 Nf8 23. Qf3 gxf6 24. Qh3 Ng6 25. Bxg6 1-0

[Event "26. ekipno prvenstvo hrvatske u sahu - I"]
[Site "Bjelovar, Krapina, Djurdjevac,"]
[Date "2017.03.26"]
[Round "1.53"]
[White "Raljic, Mirko"]
[Black "Starcevic, Kresimir"]
[Result "1/2-1/2"]
[WhiteElo "2101"]
[BlackElo "2145"]
[PlyCount "65"]
[EventDate "2016.03.26"]

1. e4 e6 2. d4 d5 3. Nc3 Bb4 4. exd5 exd5 5. Bd3 Nc6 6. Be3 Nge7 7. Qh5 g6 8.
Qf3 Bf5 9. Bxf5 Nxf5 10. Nge2 Bxc3+ 11. Nxc3 Ncxd4 12. Bxd4 Nxd4 13. Qe3+ Ne6
14. Qe5 O-O 15. Nxd5 Qg5 16. Qxg5 Nxg5 17. O-O-O Ne6 18. Rhe1 Kg7 19. Rd2 Rfd8
20. Red1 c6 21. Nc7 Rxd2 22. Nxe6+ fxe6 23. Rxd2 Rf8 24. Kd1 Rf7 25. Ke2 Kf6
26. Ke3 Ke7 27. c4 Rf5 28. f3 Re5+ 29. Kf4 Re1 30. Kg5 Re5+ 31. Kf4 Re1 32. Kg5
Re5+ 33. Kf4 1/2-1/2

[Event "26. ekipno prvenstvo hrvatske u sahu - I"]
[Site "Bjelovar, Krapina, Djurdjevac,"]
[Date "2017.03.26"]
[Round "1.54"]
[White "Cvitkovic, Filip"]
[Black "Vukic, Aleksandar"]
[Result "1-0"]
[WhiteElo "2081"]
[BlackElo "2067"]
[PlyCount "73"]
[EventDate "2016.03.26"]

1. d4 d5 2. c4 c6 3. Nf3 Nf6 4. e3 e6 5. b3 Nbd7 6. Bd3 Bb4+ 7. Bd2 Bd6 8. Nc3
O-O 9. O-O dxc4 10. bxc4 e5 11. Qc2 Qe7 12. Rae1 Re8 13. Ng5 h6 14. Nge4 Bb4
15. Ng3 Nf8 16. h3 Bxc3 17. Bxc3 e4 18. Be2 Bd7 19. f3 exf3 20. Bxf3 N8h7 21.
e4 Ng5 22. e5 Nxf3+ 23. Rxf3 Nh7 24. Nf5 Bxf5 25. Rxf5 Qe6 26. Bb4 Rad8 27. Rf4
b5 28. cxb5 cxb5 29. Qf2 Qd5 30. h4 Nf8 31. Rf1 Ne6 32. Rxf7 Qxd4 33. Qxd4 Rxd4
34. Bd6 a5 35. Ra7 Rxh4 36. Rxa5 b4 37. Ra4 1-0

[Event "26. ekipno prvenstvo hrvatske u sahu - I"]
[Site "Bjelovar, Krapina, Djurdjevac,"]
[Date "2017.03.26"]
[Round "1.55"]
[White "Lovrekovic, Kristijan"]
[Black "Brajdic, Danko"]
[Result "0-1"]
[WhiteElo "2050"]
[BlackElo "2121"]
[PlyCount "88"]
[EventDate "2016.03.26"]

1. e4 g6 2. d4 Bg7 3. Be3 c5 4. c3 cxd4 5. cxd4 d5 6. exd5 Nf6 7. Nc3 Nxd5 8.
Nxd5 Qxd5 9. Nf3 Nc6 10. Be2 O-O 11. Qd2 Rd8 12. O-O Nxd4 13. Nxd4 Bxd4 14. Bf3
Qd6 15. Qxd4 Qxd4 16. Bxd4 Rxd4 17. Rfd1 Rxd1+ 18. Rxd1 Be6 19. b3 Rb8 20. Kf1
b6 21. Ke2 Rc8 22. Rd2 Kg7 23. Bb7 Rc7 24. Be4 Kf6 25. f4 Bf5 26. Bxf5 Kxf5 27.
g3 Ke4 28. Kd1 e6 29. Ke2 h5 30. Kf2 h4 31. Kg2 Ke3 32. Rb2 Rc5 33. Kh3 hxg3
34. Kxg3 Rc1 35. a4 Rg1+ 36. Kh4 f5 37. b4 Kxf4 38. a5 bxa5 39. bxa5 Ra1 40.
Rf2+ Ke3 41. Rg2 Rxa5 42. Rxg6 Ra4+ 43. Kh3 e5 44. Kg2 Rg4+ 0-1

[Event "26. ekipno prvenstvo hrvatske u sahu - I"]
[Site "Bjelovar, Krapina, Djurdjevac,"]
[Date "2017.03.26"]
[Round "1.56"]
[White "Pavcevic, Bruno"]
[Black "Hrupacki, Milan"]
[Result "1-0"]
[WhiteElo "2063"]
[BlackElo "2038"]
[PlyCount "57"]
[EventDate "2016.03.26"]

1. e4 c6 2. d4 d6 3. Nc3 Qc7 4. Bc4 Nd7 5. a4 e5 6. Nf3 Be7 7. h3 Ngf6 8. Bb3
O-O 9. O-O h6 10. a5 Rb8 11. Qe2 b5 12. axb6 axb6 13. Rd1 Bb7 14. Nh4 Rfe8 15.
Nf5 Bf8 16. Qc4 d5 17. exd5 exd4 18. d6 Qd8 19. Qxf7+ Kh7 20. Rxd4 Re1+ 21. Kh2
Ne5 22. Qc7 c5 23. Rh4 Qxc7 24. dxc7 Rc8 25. Bxh6 Rxa1 26. Bxg7+ Kg6 27. Rh6+
Kxf5 28. Rxf6+ Kg5 29. f4+ 1-0

[Event "26. ekipno prvenstvo hrvatske u sahu - I"]
[Site "Bjelovar, Krapina, Djurdjevac,"]
[Date "2017.03.26"]
[Round "1.61"]
[White "Skuhala, Jernej"]
[Black "Petrusic, Toni"]
[Result "1/2-1/2"]
[WhiteElo "2331"]
[BlackElo "2289"]
[PlyCount "43"]
[EventDate "2016.03.26"]

1. e4 e6 2. d4 d5 3. exd5 exd5 4. Nf3 Bd6 5. Bg5 f6 6. Bh4 Bg4 7. Be2 Ne7 8.
Bg3 Nbc6 9. c3 O-O 10. O-O b6 11. Nbd2 Nf5 12. Bxd6 Nxd6 13. Re1 Re8 14. Nf1
Qd7 15. Ne3 Be6 16. Bd3 Ne7 17. Nh4 g6 18. g3 c6 19. Qf3 Kg7 20. Nhg2 Nef5 21.
Nxf5+ Bxf5 22. Bxf5 1/2-1/2

[Event "26. ekipno prvenstvo hrvatske u sahu - I"]
[Site "Bjelovar, Krapina, Djurdjevac,"]
[Date "2017.03.26"]
[Round "1.62"]
[White "Cop, Tomislav"]
[Black "Novak, Ivan"]
[Result "1-0"]
[WhiteElo "2281"]
[BlackElo "2223"]
[PlyCount "79"]
[EventDate "2016.03.26"]

1. e4 e5 2. Nf3 Nc6 3. Bb5 a6 4. Ba4 Nf6 5. O-O b5 6. Bb3 Be7 7. Re1 O-O 8. d3
d6 9. c3 Nb8 10. Nbd2 Nbd7 11. Nf1 Nc5 12. Bc2 Re8 13. d4 Ncd7 14. Ng3 g6 15.
Bb3 c5 16. Bg5 c4 17. Bc2 Bb7 18. Qd2 Qc7 19. Rad1 Rad8 20. h3 Nf8 21. d5 N8d7
22. Nh2 Nc5 23. f4 Bc8 24. Rf1 Qb6 25. Kh1 Nfd7 26. Bxe7 Rxe7 27. f5 f6 28. Ng4
Rf8 29. Rf3 Rg7 30. fxg6 hxg6 31. Rdf1 Qd8 32. Qf2 Rgf7 33. Nh6+ Kg7 34. Nxf7
Rxf7 35. Kg1 Qa5 36. h4 Qd8 37. h5 Nf8 38. hxg6 Nxg6 39. Nh5+ Kf8 40. Rxf6 1-0

[Event "26. ekipno prvenstvo hrvatske u sahu - I"]
[Site "Bjelovar, Krapina, Djurdjevac,"]
[Date "2017.03.26"]
[Round "1.63"]
[White "Makovec, Bruno"]
[Black "Machata, Martin"]
[Result "1/2-1/2"]
[WhiteElo "2248"]
[BlackElo "2266"]
[PlyCount "50"]
[EventDate "2016.03.26"]

1. d4 Nf6 2. c4 c5 3. d5 b5 4. cxb5 a6 5. bxa6 g6 6. Nc3 Bg7 7. e4 O-O 8. Nf3
Qa5 9. Bd2 Bxa6 10. Be2 d6 11. O-O Bxe2 12. Qxe2 Qa6 13. Rfe1 Qxe2 14. Rxe2
Nbd7 15. e5 Ng4 16. exd6 exd6 17. Bf4 Nge5 18. Nxe5 Nxe5 19. Nb5 Rfd8 20. Nxd6
Rxd6 21. Bxe5 Rxd5 22. Bxg7 Rxa2 23. Rc1 Kxg7 24. g3 Ra5 25. Rc4 Rb5 1/2-1/2

[Event "26. ekipno prvenstvo hrvatske u sahu - I"]
[Site "Bjelovar, Krapina, Djurdjevac,"]
[Date "2017.03.26"]
[Round "1.64"]
[White "Mihalincic, Tomislav"]
[Black "Havas, Janko"]
[Result "1-0"]
[WhiteElo "2246"]
[BlackElo "2169"]
[PlyCount "141"]
[EventDate "2016.03.26"]

1. e4 c5 2. Nf3 d6 3. Bb5+ Bd7 4. Bxd7+ Qxd7 5. d4 cxd4 6. Nxd4 Nf6 7. Nc3 g6
8. O-O Bg7 9. f3 O-O 10. Be3 Nc6 11. Qd2 Ne5 12. b3 Rfc8 13. Nd5 Nxd5 14. exd5
a6 15. a4 a5 16. Rae1 Qc7 17. c4 Re8 18. Re2 Nd7 19. Nb5 Qd8 20. Rfe1 Nf6 21.
Bf2 Kf8 22. g4 Ra6 23. Bg3 Nd7 24. Kg2 Ne5 25. h3 Kg8 26. c5 Rf8 27. Rc1 f5 28.
f4 Nf7 29. gxf5 dxc5 30. Rxc5 gxf5 31. Nc7 Rd6 32. Ne6 Qb6 33. Rb5 Qa6 34. Rxa5
Qb6 35. Rb5 Qa7 36. Nxf8 Bxf8 37. Qe3 Qa8 38. Bh4 Rg6+ 39. Kh2 Nd6 40. Rb6 Qa5
41. Rd2 Ne4 42. Rxg6+ hxg6 43. Rd4 Qc5 44. Rc4 Qd6 45. Rxe4 fxe4 46. Qxe4 Kh7
47. Bg3 Qf6 48. Qe5 Qb6 49. Qc3 Bg7 50. Qd3 Qf6 51. h4 Kh8 52. Kh3 Qf7 53. b4
Qe8 54. b5 Qc8+ 55. Kh2 Qg4 56. a5 Bf6 57. a6 bxa6 58. bxa6 Qd7 59. Qc4 Kg7 60.
Qc5 Qg4 61. Qf2 Qd7 62. a7 Qa4 63. Qg1 Qa2+ 64. Kh1 Kh7 65. Bf2 Qa6 66. Qg2
Qa1+ 67. Kh2 Bxh4 68. Bxh4 Qxa7 69. Qe2 Qd4 70. Qxe7+ Kh6 71. Bg5+ 1-0

[Event "26. ekipno prvenstvo hrvatske u sahu - I"]
[Site "Bjelovar, Krapina, Djurdjevac,"]
[Date "2017.03.26"]
[Round "1.65"]
[White "Havas, Juraj"]
[Black "Babic, Zvonko"]
[Result "0-1"]
[WhiteElo "2078"]
[BlackElo "2187"]
[Annotator ",slavko"]
[PlyCount "64"]
[EventDate "2016.03.26"]

1. Nf3 Nf6 2. g3 g6 3. Bg2 Bg7 4. O-O O-O 5. d3 d6 6. e4 c5 7. c3 Nc6 8. Nbd2
Bd7 9. Re1 Rc8 10. a4 a6 11. Qc2 b5 12. axb5 axb5 13. Nf1 b4 14. Ne3 Ng4 15. h3
Nxe3 16. Bxe3 Qb6 17. Nd2 Rb8 18. Nc4 Qb5 19. Rab1 Ra8 20. f4 Be6 21. Bf1 Rfb8
22. Nd2 Qa5 23. Rbc1 bxc3 24. bxc3 Qa3 25. Nc4 Bxc4 26. dxc4 Qb3 27. Qd3 Ra2
28. e5 dxe5 29. Rb1 Rb2 30. Rxb2 Qxb2 31. Bxc5 exf4 32. Rxe7 Qc1 {Neèitak
zapis.} 0-1

[Event "26. ekipno prvenstvo hrvatske u sahu - I"]
[Site "Bjelovar, Krapina, Djurdjevac,"]
[Date "2017.03.26"]
[Round "2.11"]
[White "Nikolac, Juraj"]
[Black "Petrusic, Toni"]
[Result "1/2-1/2"]
[WhiteElo "2436"]
[BlackElo "2289"]
[PlyCount "90"]
[EventDate "2016.03.26"]

1. e4 e6 2. d4 d5 3. Nc3 Bb4 4. a3 Bxc3+ 5. bxc3 dxe4 6. Qg4 Nf6 7. Qxg7 Rg8 8.
Qh6 Rg6 9. Qd2 b6 10. Nh3 Bb7 11. Nf4 Rg8 12. c4 Nbd7 13. Bb2 Qe7 14. Be2 O-O-O
15. O-O-O c5 16. dxc5 Nxc5 17. Qc3 Nfd7 18. g3 Na4 19. Qb4 Ndc5 20. Ba1 a5 21.
Qb5 Kb8 22. Rxd8+ Rxd8 23. Rd1 Rc8 24. Be5+ Ka7 25. Qb1 f6 26. Bd6 Qg7 27. Qa1
Qh6 28. Kb1 Qxh2 29. Qxf6 Qxf2 30. Be5 Qxg3 31. Ka2 Qf2 32. Rd8 Rxd8 33. Qxd8
Qe1 34. Qd4 Qc1 35. Bd1 e3 36. Qd6 Ne4 37. Qb8+ Ka6 38. Nxe6 Nac3+ 39. Bxc3
Nxc3+ 40. Kb3 a4+ 41. Kxc3 Qa1+ 42. Kd3 Qxd1+ 43. Kc3 Qa1+ 44. Kd3 Qd1+ 45. Kc3
Qa1+ 1/2-1/2

[Event "26. ekipno prvenstvo hrvatske u sahu - I"]
[Site "Bjelovar, Krapina, Djurdjevac,"]
[Date "2017.03.26"]
[Round "2.12"]
[White "Cop, Tomislav"]
[Black "Raguz, Dario"]
[Result "1-0"]
[WhiteElo "2281"]
[BlackElo "2131"]
[PlyCount "81"]
[EventDate "2016.03.26"]

1. e4 Nf6 2. e5 Nd5 3. d4 d6 4. Nf3 dxe5 5. Nxe5 c6 6. Bc4 Nd7 7. Nf3 N7b6 8.
Bb3 g6 9. O-O Bg7 10. h3 O-O 11. Re1 h6 12. c4 Nf6 13. Nc3 Qc7 14. Qe2 Re8 15.
Ne5 e6 16. Bf4 Qe7 17. Rad1 Rd8 18. Qe3 Kh7 19. Bc2 Bd7 20. g4 Be8 21. b3 Nbd7
22. Nf3 Qb4 23. Bc7 Rdc8 24. Bh2 Rd8 25. g5 hxg5 26. Nxg5+ Kg8 27. c5 Nd5 28.
Nxd5 cxd5 29. Bxg6 fxg6 30. Qxe6+ Kh8 31. Bd6 Nf6 32. Be7 Bd7 33. Qd6 Re8 34.
Re5 Rxe7 35. Rxe7 Bf5 36. Rxg7 Kxg7 37. Qe7+ Kh6 38. Nf7+ Kg7 39. Nd6+ Kh6 40.
Nxf5+ Kg5 41. Nd6 1-0

[Event "26. ekipno prvenstvo hrvatske u sahu - I"]
[Site "Bjelovar, Krapina, Djurdjevac,"]
[Date "2017.03.26"]
[Round "2.13"]
[White "Dadic, Ivan"]
[Black "Machata, Martin"]
[Result "1-0"]
[WhiteElo "2160"]
[BlackElo "2266"]
[PlyCount "45"]
[EventDate "2016.03.26"]

1. e4 d5 2. exd5 Nf6 3. Nf3 Nxd5 4. d4 g6 5. Be2 Bg7 6. O-O O-O 7. c3 Nc6 8.
Re1 b6 9. Qa4 Bb7 10. Bb5 Qd6 11. Nbd2 a6 12. Bf1 b5 13. Qc2 f5 14. a4 e5 15.
dxe5 Bxe5 16. axb5 axb5 17. Rxa8 Bxa8 18. Bxb5 Bf6 19. Qa4 Kg7 20. Nc4 Qc5 21.
b4 Ncxb4 22. cxb4 Qxb4 23. Ba3 1-0

[Event "26. ekipno prvenstvo hrvatske u sahu - I"]
[Site "Bjelovar, Krapina, Djurdjevac,"]
[Date "2017.03.26"]
[Round "2.14"]
[White "Mihalincic, Tomislav"]
[Black "Ilic, Ognjen"]
[Result "1-0"]
[WhiteElo "2246"]
[BlackElo "2108"]
[PlyCount "63"]
[EventDate "2016.03.26"]

1. e4 e5 2. Nf3 Nf6 3. Nxe5 d6 4. Nf3 Nxe4 5. d4 d5 6. Bd3 Be7 7. O-O Nc6 8. c4
Nf6 9. Nc3 Bg4 10. Be3 O-O 11. a3 a5 12. b3 Re8 13. h3 Bh5 14. g4 Bg6 15. Bxg6
hxg6 16. Ne5 Bd6 17. f4 dxc4 18. bxc4 Nd7 19. Qf3 Nf8 20. Nb5 Qh4 21. Rae1 Bxe5
22. fxe5 Qe7 23. g5 Nd8 24. Qg3 Ra6 25. d5 Nh7 26. d6 cxd6 27. exd6 Qe5 28.
Qxe5 Rxe5 29. Bf4 Rxe1 30. Rxe1 Nf8 31. Re8 Nde6 32. d7 1-0

[Event "26. ekipno prvenstvo hrvatske u sahu - I"]
[Site "Bjelovar, Krapina, Djurdjevac,"]
[Date "2017.03.26"]
[Round "2.15"]
[White "Margitic, Zdravko"]
[Black "Staresina, Alan"]
[Result "0-1"]
[WhiteElo "2082"]
[BlackElo "2139"]
[PlyCount "57"]
[EventDate "2016.03.26"]

1. e4 e6 2. d4 d5 3. e5 c5 4. c3 Nc6 5. Nf3 Qb6 6. Be2 cxd4 7. cxd4 Nh6 8. b3
Bb4+ 9. Kf1 Nf5 10. Bb2 h5 11. Bd3 g6 12. h3 Bd7 13. Bxf5 gxf5 14. Nc3 Rc8 15.
Ne2 Ne7 16. Kg1 Ng6 17. h4 Bb5 18. Rh3 Bxe2 19. Qxe2 Nf4 20. Qd1 Nxh3+ 21. gxh3
Rc6 22. Kh2 Bc3 23. Bxc3 Rxc3 24. Ng5 Qc6 25. Qg1 Qb6 26. Rd1 Rf8 27. Rd2 Qc7
28. Nxe6 Rxh3+ 29. Kxh3 0-1

[Event "26. ekipno prvenstvo hrvatske u sahu - I"]
[Site "Bjelovar, Krapina, Djurdjevac,"]
[Date "2017.03.26"]
[Round "2.16"]
[White "Blagojevic, Marijan"]
[Black "Klem, Davor"]
[Result "1/2-1/2"]
[WhiteElo "2119"]
[BlackElo "2058"]
[PlyCount "106"]
[EventDate "2016.03.26"]

1. d4 Nc6 2. Nf3 d6 3. e4 e5 4. dxe5 Nxe5 5. Nxe5 dxe5 6. Qxd8+ Kxd8 7. Bc4 Ke8
8. Be3 Nf6 9. f3 Bb4+ 10. Nd2 Ke7 11. O-O-O Rd8 12. c3 Bd6 13. Bb3 a5 14. Nc4
a4 15. Nxd6 cxd6 16. Bc4 Bd7 17. a3 Rdc8 18. Ba2 Be6 19. Bxe6 Kxe6 20. Bg5 Nd7
21. Rd5 Rc6 22. Rhd1 Nb6 23. Rb5 f6 24. Bh4 Ra6 25. Bf2 Kd7 26. Kc2 Kc7 27.
Bxb6+ Rcxb6 28. Rxb6 Rxb6 29. Rd5 Ra6 30. c4 g6 31. g4 Rb6 32. Rd3 Kc6 33. b4
axb3+ 34. Rxb3 Ra6 35. Kc3 Ra4 36. Kd3 b6 37. Kc3 Kc7 38. Kd3 Kb7 39. Kc3 Kc6
40. Kd3 Ra8 41. Kc3 f5 42. gxf5 gxf5 43. Kb4 Rg8 44. Rb2 h5 45. Rf2 fxe4 46.
fxe4 Rg4 47. Re2 h4 48. Re3 Rf4 49. a4 Rf1 50. Rh3 Rf4 51. Re3 Rf2 52. Rh3 Rf4
53. Re3 Rf2 1/2-1/2

[Event "26. ekipno prvenstvo hrvatske u sahu - I"]
[Site "Bjelovar, Krapina, Djurdjevac,"]
[Date "2017.03.26"]
[Round "2.21"]
[White "Pecnik, Leo"]
[Black "Skuhala, Jernej"]
[Result "1-0"]
[WhiteElo "2340"]
[BlackElo "2331"]
[PlyCount "107"]
[EventDate "2016.03.26"]

1. d4 Nf6 2. Bg5 c5 3. d5 h6 4. Bxf6 gxf6 5. e3 d6 6. c4 Bf5 7. Bd3 Bxd3 8.
Qxd3 Qb6 9. Qc2 Nd7 10. Ne2 Qa5+ 11. Nbc3 a6 12. O-O b5 13. cxb5 axb5 14. a4 b4
15. Nb5 Rg8 16. f4 Rc8 17. Ned4 Qa8 18. Nc6 Rxc6 19. dxc6 Qxc6 20. g3 Nb8 21.
Qg2 Kd7 22. e4 f5 23. exf5 Qxg2+ 24. Kxg2 Bg7 25. Rf2 Kc6 26. Kf3 Nd7 27. Re1
Bf6 28. b3 Nb6 29. Rc1 Nc8 30. g4 e6 31. fxe6 fxe6 32. h3 Rf8 33. Ke4 Ne7 34.
Rd1 d5+ 35. Kd3 Bh4 36. Re2 Kd7 37. Rf1 Bg3 38. Rc2 Bxf4 39. Rxc5 e5 40. Ke2
Ra8 41. Rc7+ Ke6 42. Nd4+ Kd6 43. Nb5+ Ke6 44. Nd4+ Kd6 45. Rc2 Rh8 46. a5 Bg5
47. Nb5+ Kd7 48. a6 d4 49. Rc7+ Ke6 50. a7 Ra8 51. Rc5 Nd5 52. Rxd5 Rxa7 53.
Rxe5+ Kxe5 54. Nxa7 1-0

[Event "26. ekipno prvenstvo hrvatske u sahu - I"]
[Site "Bjelovar, Krapina, Djurdjevac,"]
[Date "2017.03.26"]
[Round "2.22"]
[White "Novak, Ivan"]
[Black "Starcevic, Kresimir"]
[Result "1-0"]
[WhiteElo "2223"]
[BlackElo "2145"]
[PlyCount "65"]
[EventDate "2016.03.26"]

1. d4 Nf6 2. c4 c5 3. d5 g6 4. Nc3 Bg7 5. e4 d6 6. Be2 O-O 7. Nf3 e6 8. Bg5 Na6
9. O-O Nc7 10. Re1 e5 11. Qc1 Kh8 12. Rb1 Qe8 13. Bd1 Nd7 14. Ba4 f5 15. exf5
gxf5 16. Bh6 Rg8 17. Bg5 Qg6 18. Nh4 Qf7 19. Bc2 Nf8 20. g3 Ng6 21. Qd1 Nxh4
22. Bxh4 Bf6 23. Bxf6+ Qxf6 24. Qf3 Qg7 25. Qh5 Qg6 26. Qh4 Qg7 27. Nd1 Bd7 28.
Ne3 Raf8 29. f4 Rf6 30. fxe5 dxe5 31. Qh5 f4 32. Nf1 fxg3 33. Nxg3 1-0

[Event "26. ekipno prvenstvo hrvatske u sahu - I"]
[Site "Bjelovar, Krapina, Djurdjevac,"]
[Date "2017.03.26"]
[Round "2.23"]
[White "Cvitkovic, Filip"]
[Black "Makovec, Bruno"]
[Result "1-0"]
[WhiteElo "2081"]
[BlackElo "2248"]
[PlyCount "103"]
[EventDate "2016.03.26"]

1. d4 Nf6 2. c4 e6 3. Nc3 Bb4 4. Qc2 d5 5. cxd5 exd5 6. Bg5 h6 7. Bh4 Nbd7 8.
e3 g5 9. Bg3 Ne4 10. Bd3 Nxg3 11. hxg3 Nb6 12. Nge2 Be6 13. O-O-O Qe7 14. Kb1
O-O-O 15. Rh5 Kb8 16. Bf5 c6 17. g4 Bd6 18. Rdh1 Qf6 19. R1h3 Nd7 20. f3 Qg7
21. Rh1 Nf6 22. R5h3 Rde8 23. e4 dxe4 24. Nxe4 Bxf5 25. gxf5 Nxe4 26. fxe4 g4
27. Rb3 Ka8 28. e5 Bb8 29. f6 Qg5 30. Rc1 Rc8 31. Nc3 Rhd8 32. Ne4 Qg6 33. Rb4
Rd5 34. Nc5 Qxc2+ 35. Rxc2 b6 36. Na6 Kb7 37. Nxb8 Kxb8 38. Rbc4 Kb7 39. a4 a5
40. g3 c5 41. dxc5 bxc5 42. Rxg4 Rxe5 43. Rg7 Rc7 44. g4 Re6 45. Rf2 Kc6 46.
Rh7 Re4 47. Rg2 Rxa4 48. Rxh6 Kd7 49. g5 Rf4 50. Rh7 Ke6 51. g6 Rc8 52. g7 1-0

[Event "26. ekipno prvenstvo hrvatske u sahu - I"]
[Site "Bjelovar, Krapina, Djurdjevac,"]
[Date "2017.03.26"]
[Round "2.24"]
[White "Havas, Janko"]
[Black "Brajdic, Danko"]
[Result "1/2-1/2"]
[WhiteElo "2169"]
[BlackElo "2121"]
[PlyCount "61"]
[EventDate "2016.03.26"]

1. d4 g6 2. Nf3 Bg7 3. g3 Nf6 4. Bg2 O-O 5. O-O d6 6. c4 Nbd7 7. Nc3 e5 8. e4
c6 9. h3 exd4 10. Nxd4 Re8 11. Re1 Qa5 12. Be3 Ne5 13. Qe2 Qb4 14. Bf1 Be6 15.
Nxe6 Rxe6 16. f4 Ned7 17. Qc2 Rae8 18. a3 Qa5 19. Bf2 Nh5 20. h4 Qc7 21. Bg2
Qd8 22. Rac1 Qe7 23. Qd2 Qf8 24. g4 Nhf6 25. g5 Nh5 26. Bf3 f6 27. Bg4 fxg5 28.
f5 R6e7 29. fxg6 hxg6 30. c5 dxc5 31. Qxg5 1/2-1/2

[Event "26. ekipno prvenstvo hrvatske u sahu - I"]
[Site "Bjelovar, Krapina, Djurdjevac,"]
[Date "2017.03.26"]
[Round "2.25"]
[White "Pavcevic, Bruno"]
[Black "Havas, Juraj"]
[Result "1/2-1/2"]
[WhiteElo "2063"]
[BlackElo "2078"]
[PlyCount "99"]
[EventDate "2016.03.26"]

1. c4 Nf6 2. Nc3 g6 3. Nf3 d6 4. g3 Bg7 5. Bg2 O-O 6. O-O Nc6 7. d3 e5 8. Bg5
h6 9. Bxf6 Bxf6 10. Rb1 Bg7 11. b4 f5 12. Qb3 Kh7 13. c5 g5 14. b5 Ne7 15. cxd6
cxd6 16. Nd2 Rf6 17. Nd5 Rg6 18. Qb4 Be6 19. Nxe7 Qxe7 20. Nc4 Rd8 21. Na5 Rd7
22. a4 Qf7 23. b6 a6 24. Rfc1 d5 25. Rc8 e4 26. Rbc1 Be5 27. Nb3 Re7 28. Ra8
Rg8 29. Rxg8 Kxg8 30. Nc5 Kg7 31. e3 Re8 32. Nxe6+ Qxe6 33. dxe4 fxe4 34. Qc5
Qd6 35. Bh3 Re7 36. Bc8 Qxc5 37. Rxc5 d4 38. exd4 Bxd4 39. Rc7 Kf6 40. Bxb7
Bxb6 41. Rxe7 Kxe7 42. Bxa6 e3 43. fxe3 Bxe3+ 44. Kg2 h5 45. h4 gxh4 46. gxh4
Bd2 47. Be2 Kf6 48. Bxh5 Kg7 49. Kf3 Kh8 50. Kg4 1/2-1/2

[Event "26. ekipno prvenstvo hrvatske u sahu - I"]
[Site "Bjelovar, Krapina, Djurdjevac,"]
[Date "2017.03.26"]
[Round "2.26"]
[White "Toplak, Juraj"]
[Black "Takac, Zvonko"]
[Result "0-1"]
[WhiteElo "2004"]
[BlackElo "1983"]
[PlyCount "112"]
[EventDate "2016.03.26"]

1. e4 d6 2. d4 Nf6 3. Nc3 g6 4. Nf3 Bg7 5. Be3 O-O 6. h3 Nfd7 7. Qd2 e5 8.
O-O-O Nc6 9. Bh6 Nxd4 10. Nxd4 Bxh6 11. Qxh6 exd4 12. Rxd4 Qf6 13. Rd2 Nc5 14.
h4 Re8 15. f3 Be6 16. h5 Re7 17. Be2 Qg7 18. hxg6 fxg6 19. Qg5 Rf8 20. Nd5 Bxd5
21. Qxd5+ Qf7 22. Qxf7+ Rfxf7 23. Bc4 Ne6 24. Re1 Kg7 25. e5 dxe5 26. Rxe5 Nf4
27. Rxe7 Rxe7 28. c3 Kf6 29. Kc2 h5 30. g3 Ne6 31. Bxe6 Rxe6 32. Rd7 Re2+ 33.
Kb3 Re7 34. Rd8 g5 35. Kc4 h4 36. gxh4 gxh4 37. Rh8 Kg5 38. Rg8+ Kh6 39. Rg4
Kh5 40. Rg8 Rh7 41. Kd4 h3 42. Rg1 h2 43. Rh1 Kg5 44. Ke3 Kf5 45. b3 c5 46. a3
b5 47. b4 c4 48. Kd4 Kf4 49. Kc5 Rh5+ 50. Kc6 Kxf3 51. Rxh2 Rxh2 52. Kxb5 Rh4
53. Ka6 Rh7 54. b5 Ke3 55. Ka5 Kd3 56. Kb4 Rh1 0-1

[Event "26. ekipno prvenstvo hrvatske u sahu - I"]
[Site "Bjelovar, Krapina, Djurdjevac,"]
[Date "2017.03.26"]
[Round "2.41"]
[White "Kristovic, Marijan"]
[Black "Sale, Srdjan"]
[Result "0-1"]
[WhiteElo "2300"]
[BlackElo "2426"]
[PlyCount "88"]
[EventDate "2016.03.26"]

1. e4 Nf6 2. e5 Nd5 3. d4 d6 4. Nf3 dxe5 5. Nxe5 c6 6. c4 Nb4 7. Be3 Bf5 8. Nd3
e5 9. Nxb4 Bxb4+ 10. Nc3 Qa5 11. Qb3 exd4 12. Bxd4 O-O 13. O-O-O Na6 14. Be2
Rfd8 15. Be3 Bxc3 16. bxc3 Nc5 17. Bxc5 Qxc5 18. Rxd8+ Rxd8 19. Rd1 Re8 20. Rd4
h6 21. Bd1 b6 22. Qb4 Qe5 23. Qd6 Qe1 24. Rd2 c5 25. Kb2 Be6 26. Ba4 Rf8 27.
Bb3 Bf5 28. Bc2 Bxc2 29. Rxc2 Re8 30. Qd7 Re7 31. Qd8+ Kh7 32. Qd3+ g6 33. g3
Kg7 34. h4 h5 35. Rd2 Re6 36. Rc2 Qg1 37. Qd7 a6 38. Qc7 Re1 39. Qf4 Qf1 40.
Ka3 b5 41. Rb2 Qd3 42. Kb3 Re4 43. Qd2 Qxc4+ 44. Kc2 Re2 0-1

[Event "26. ekipno prvenstvo hrvatske u sahu - I"]
[Site "Bjelovar, Krapina, Djurdjevac,"]
[Date "2017.03.26"]
[Round "2.42"]
[White "Bodiroga, Predrag"]
[Black "Marangunic, Srdjan"]
[Result "1/2-1/2"]
[WhiteElo "2351"]
[BlackElo "2346"]
[PlyCount "32"]
[EventDate "2016.03.26"]

1. Nf3 Nf6 2. c4 e6 3. Nc3 d5 4. d4 Be7 5. Bg5 Nbd7 6. e3 c6 7. a3 a5 8. Rc1
O-O 9. Bd3 h6 10. Bh4 Nh5 11. Bxe7 Qxe7 12. O-O Nhf6 13. e4 dxe4 14. Nxe4 Nxe4
15. Bxe4 Nf6 16. Bb1 c5 1/2-1/2

[Event "26. ekipno prvenstvo hrvatske u sahu - I"]
[Site "Bjelovar, Krapina, Djurdjevac,"]
[Date "2017.03.26"]
[Round "2.43"]
[White "Havas, Ladislav"]
[Black "Sulc, Damir"]
[Result "1/2-1/2"]
[WhiteElo "2258"]
[BlackElo "2226"]
[PlyCount "29"]
[EventDate "2016.03.26"]

1. d4 Nf6 2. Bg5 d5 3. e3 g6 4. Bxf6 exf6 5. g3 Bd6 6. Bg2 c6 7. Ne2 O-O 8. Nd2
Re8 9. O-O Nd7 10. c4 dxc4 11. Nxc4 Bc7 12. Rc1 Nb6 13. b3 Be6 14. Qc2 Qe7 15.
Nxb6 1/2-1/2

[Event "26. ekipno prvenstvo hrvatske u sahu - I"]
[Site "Bjelovar, Krapina, Djurdjevac,"]
[Date "2017.03.26"]
[Round "2.45"]
[White "Margeta, Zeljko"]
[Black "Martic, Josip"]
[Result "0-1"]
[WhiteElo "2062"]
[BlackElo "2020"]
[PlyCount "120"]
[EventDate "2016.03.26"]

1. d4 g6 2. Nf3 Bg7 3. c3 d6 4. Bf4 Nd7 5. e3 e5 6. Bg3 Ne7 7. h3 O-O 8. Qb3
Nc6 9. Be2 h6 10. Nbd2 Kh8 11. Rd1 Qe7 12. dxe5 Ndxe5 13. O-O Be6 14. Qa3 f5
15. Nd4 Bd7 16. Rfe1 a6 17. N2f3 Rae8 18. Nxc6 Bxc6 19. Nd4 Bd7 20. Nf3 Nf7 21.
Qa5 Rc8 22. Qb4 Rb8 23. Bd3 g5 24. Qa5 b6 25. Qb4 a5 26. Qb3 Ne5 27. Nxe5 dxe5
28. Bb5 Be6 29. Qa4 Qf7 30. f4 gxf4 31. exf4 e4 32. Bh4 Rg8 33. Kh2 Kh7 34. Rd2
Bf8 35. Bd7 Bd6 36. Bxe6 Qxe6 37. g3 Rg6 38. Qb3 Rbg8 39. Qxe6 Rxe6 40. Rd5 Kg6
41. Kg2 c6 42. Rd2 Kh5 43. Rf1 a4 44. Rd4 b5 45. Rd2 e3 46. Re2 Re4 47. Kf3
Bxf4 48. gxf4 Kxh4 49. Rg2 e2 50. Re1 Rxf4+ 51. Kxf4 Rxg2 52. Kf3 Kxh3 53. Rh1+
Rh2 54. Re1 h5 55. b3 a3 56. c4 bxc4 57. bxc4 c5 58. Rb1 e1=Q 59. Rxe1 Rxa2 60.
Re5 Rb2 0-1